<?xml version="1.0" encoding="UTF-8"?>
<record
    xmlns:xsi="http://www.w3.org/2001/XMLSchema-instance"
    xsi:schemaLocation="http://www.loc.gov/MARC21/slim http://www.loc.gov/standards/marcxml/schema/MARC21slim.xsd"
    xmlns="http://www.loc.gov/MARC21/slim">

  <leader>01869nam a2200277uu 4500</leader>
  <controlfield tag="001">1007575</controlfield>
  <controlfield tag="005">20260507073529.0</controlfield>
  <controlfield tag="008">061129s1998                        spa  </controlfield>
  <datafield tag="020" ind1=" " ind2=" ">
    <subfield code="a">9681657195</subfield>
  </datafield>
  <datafield tag="035" ind1=" " ind2=" ">
    <subfield code="a">1007575</subfield>
  </datafield>
  <datafield tag="035" ind1=" " ind2=" ">
    <subfield code="a">(OCoLC)777588621</subfield>
  </datafield>
  <datafield tag="040" ind1=" " ind2=" ">
    <subfield code="c">comduadb</subfield>
  </datafield>
  <datafield tag="041" ind1=" " ind2=" ">
    <subfield code="a">spa</subfield>
  </datafield>
  <datafield tag="082" ind1=" " ind2="4">
    <subfield code="a">069</subfield>
  </datafield>
  <datafield tag="100" ind1="1" ind2="0">
    <subfield code="a">Flores Valdes, Jorge</subfield>
    <subfield code="4">com</subfield>
    <subfield code="e">com</subfield>
    <subfield code="9">429729</subfield>
  </datafield>
  <datafield tag="245" ind1="1" ind2="0">
    <subfield code="a">C&#xF3;mo hacer un museo de ciencias</subfield>
  </datafield>
  <datafield tag="260" ind1=" " ind2=" ">
    <subfield code="a">M&#xE9;xico :</subfield>
    <subfield code="b">Universidad Nacional Aut&#xF3;noma de M&#xE9;xico (UNAM),</subfield>
    <subfield code="c">1998.</subfield>
  </datafield>
  <datafield tag="300" ind1=" " ind2=" ">
    <subfield code="a">166 p&#xE1;ginas :</subfield>
    <subfield code="b">ilustraciones a color.</subfield>
  </datafield>
  <datafield tag="505" ind1=" " ind2=" ">
    <subfield code="a">CONTENIDO : Pr&#xF3;logo. -- I: La planeaci&#xF3;n de un museo interactivo de ciencias. -- II: Metodolog&#xED;a para construir exposiciones interactivas, de ciencias. -- III: C&#xF3;mo se crea un museo. -- IV: La campa&#xF1;a financiera. -- V: Dise&#xF1;o de equipamientos para un museo de ciencias interactivo. -- VI: Observaciones pr&#xE1;cticas para construir equipamientos de un museo interactivo. -- VII: Mantenimiento de equipamientos de museos interactivos. -- VIII: Las colecciones en un museo interactivo. -- IX: Medios d comunicaci&#xF3;n escita en un museo de ciencias. -- X: Los recursos audiovisuales en un museo de ciencias. -- XI: Producci&#xF3;n de multimedios para un museo de ciencias. -- XII: La est&#xE9;tica en un museo: museograf&#xED;a. -- XIII: La est&#xE9;tica en un museo: arte. -- XIV: La est&#xE9;tica en un museo: fotograf&#xED;a. -- XV: Atenci&#xF3;n al p&#xFA;blico. -- XVI: Teatro en un centro de ciencias. -- XVII: La biblioteca de un museo de ciencias. -- XVIII: La casita de las ciencias. -- XIX: La evaluaci&#xF3;n de un museo. -- XX: La promoci&#xF3;n de un museo.</subfield>
  </datafield>
  <datafield tag="650" ind1=" " ind2=" ">
    <subfield code="a">Museo de ciencias</subfield>
    <subfield code="9">27896</subfield>
  </datafield>
  <datafield tag="650" ind1=" " ind2=" ">
    <subfield code="a">Administraci&#xF3;n de museos</subfield>
    <subfield code="9">11961</subfield>
  </datafield>
  <datafield tag="650" ind1=" " ind2=" ">
    <subfield code="a">Museos interactivos</subfield>
    <subfield code="9">98488</subfield>
  </datafield>
  <datafield tag="650" ind1=" " ind2="7">
    <subfield code="a">Museograf&#xED;a</subfield>
    <subfield code="2">lemb</subfield>
    <subfield code="9">1204</subfield>
  </datafield>
  <datafield tag="700" ind1="1" ind2="0">
    <subfield code="a">Alvarez del Castillo, Maria del Carmen</subfield>
    <subfield code="4">aut</subfield>
    <subfield code="e">aut</subfield>
    <subfield code="9">429623</subfield>
  </datafield>
  <datafield tag="942" ind1=" " ind2=" ">
    <subfield code="c">BOOK</subfield>
  </datafield>
  <datafield tag="999" ind1=" " ind2=" ">
    <subfield code="c">403428</subfield>
    <subfield code="d">403428</subfield>
  </datafield>
  <datafield tag="952" ind1=" " ind2=" ">
    <subfield code="0">0</subfield>
    <subfield code="1">0</subfield>
    <subfield code="4">0</subfield>
    <subfield code="7">0</subfield>
    <subfield code="8">GEN</subfield>
    <subfield code="a">BC</subfield>
    <subfield code="b">BC</subfield>
    <subfield code="d">2006-11-29</subfield>
    <subfield code="e">CIS (Corporacion Interuniversitaria de Servicios)</subfield>
    <subfield code="g">57800.00</subfield>
    <subfield code="i">C933335</subfield>
    <subfield code="l">0</subfield>
    <subfield code="o">069 F634</subfield>
    <subfield code="p">0573793</subfield>
    <subfield code="r">2023-04-27 00:00:00</subfield>
    <subfield code="t">1</subfield>
    <subfield code="w">2023-04-27</subfield>
    <subfield code="y">BOOK</subfield>
  </datafield>
</record>
